Fireworks music water music
Saved in:
| Main Author: | |
|---|---|
| Corporate Author: | |
| Other Authors: | , |
| Format: | CD Audio |
| Language: | English |
| Published: |
Munich, Germany :
HNH International,
1988
|
| Subjects: | |
| Tags: |
Add Tag
No Tags, Be the first to tag this record!
|
MARC
| LEADER | 00000njm a2200000 i 4500 | ||
|---|---|---|---|
| 001 | 1/73480 | ||
| 007 | sd fs gn m ed | ||
| 008 | 050315s1988 ge eng d | ||
| 035 | |l 10077105 | ||
| 040 | |a GR-MY-UA |b gre |e aacr | ||
| 041 | 0 | |a eng | |
| 082 | 0 | |a 784.185 |2 (21η εκδ.) | |
| 100 | 1 | |a Handel, George Frideric |d 1685-1759. | |
| 245 | 1 | 0 | |a Fireworks music water music |h [ηχογράφηση] / |c Handel ; conductor Bohdan Warchal |
| 260 | |a Munich, Germany : |b HNH International, |c 1988 | ||
| 300 | |a 1 δίσκος CD (64 λ.); |c 4 3/4 ίν. | ||
| 500 | |a Ηχογραφήθηκε στο Concert Hall από την Φιλαρμονική Ορχήστρα της Σλοβακίας τον Ιανουάριο του 1988 | ||
| 511 | |a Capella Istropolitana | ||
| 650 | 0 | 0 | |a Suites (Orchestra) |
| 650 | 0 | 0 | |a Concerti grossi. |
| 700 | 1 | |a Warchal, Bohdan. |4 cnd | |
| 700 | 1 | |a Istropolitana, Capella. |4 prf | |
| 710 | 2 | |a Symfonicku orchester Cs. |b rozhlasu v Bratislave. | |
| 740 | 0 | 2 | |a Water music |
| 852 | |a INST |b RHODES |c AV |e 20050315 |h 784.185 HAN |p 005400013099 |q 005400013099 |t CD |y 23 | ||
| 901 | |a BIBL4-2005-1 | ||
| 909 | |a Ρ |b 078350 | ||
| 922 | |a 4ΕΛΗ |b 199502 |c ΒΙΒΛΙΟΘΗΚΗ | ||
| 970 | |a ΣΜΠΙΛΗ |b ΕΛΕΝΗ |z 2005/03/15 | ||